Estadísticas para Vuelos directos a ciudades con origen en Madrid

Haz click aquí para intentar la prueba.

Estadísticas generales

  • Esta prueba ha sido intentada 111 veces
    (110 desde el último reinicio)
  • La puntuación promedio es 50 de 166

Estadísticas de respuestas

PaísDestino% Correcto
EEUULOS ANGELES
100%
ESPAÑABARCELONA
97%
ITALIAROMA
95%
ESPAÑAVALENCIA
85%
ESPAÑABILBAO
82%
REINO UNIDOLONDRES
81%
ESPAÑASEVILLA
78%
ITALIAMILAN
77%
PAÍSES BAJOSAMSTERDAM
75%
ITALIANAPOLES
75%
MARRUECOSRABAT
75%
FRANCIAPARIS
74%
ALEMANIABERLIN
71%
EEUUNUEVA YORK
67%
EMIRATOS ARABES UNIDOSDUBAI
64%
ESPAÑAALICANTE/ ELCHE
63%
ESPAÑAGRAN CANARIA
63%
ESPAÑAA CORUÑA
62%
GRECIAATENAS
62%
CHILESANTIAGO DE CHILE
62%
ESPAÑASANTIAGO DE COMPOSTELA
62%
EGIPTOEL CAIRO
60%
ESPAÑAMALAGA
60%
ESPAÑAPALMA DE MALLORCA
59%
EMIRATOS ARABES UNIDOSABU DHABI
58%
MARRUECOSCASABLANCA
58%
IRLANDADUBLIN
56%
NORUEGAOSLO
56%
ITALIATURIN
53%
SUIZAZAGREB
53%
ESPAÑAIBIZA
52%
ESPAÑATENERIFE
52%
ITALIAVENECIA
52%
ITALIAFLORENCIA
51%
FRANCIALYON
51%
REINO UNIDOMANCHESTER
51%
ESPAÑAVIGO
51%
ALEMANIAMUNICH
49%
PORTUGALOPORTO
49%
ARGELIAARGEL
47%
ESPAÑAASTURIAS
47%
BELGICABRUSELAS
47%
DINAMARCACOPENHAGUE
47%
ESPAÑASANTANDER
47%
SUECIAESTOCOLMO
45%
ARGENTINABUENOS AIRES
44%
FRANCIAMARSELLA
44%
ESPAÑAALMERÍA
42%
HUNGRIABUDAPEST
41%
FINLANDIAHELSINKI
40%
ESPAÑAMENORCA
40%
AUSTRIAVIENA
40%
REPUBLICA CHECAPRAGA
38%
FRANCIABURDEOS
37%
TURQUIAESTAMBUL
37%
ESPAÑAGRANADA/ JAÉN
37%
ESPAÑAJEREZ DE LA FRONTERA
37%
REINO UNIDOLIVERPOOL
37%
POLONIAVARSOVIA
37%
ALEMANIAFRANKFURT
36%
ESPAÑALANZAROTE
36%
JORDANIAAMMAN
34%
COLOMBIABOGOTA
34%
RUMANIABUCAREST
34%
ALEMANIAHAMBURGO
34%
ESPAÑASAN SEBASTIAN-DONOSTIA
34%
EEUUWASHINGTON DC
34%
REINO UNIDOEDIMBURGO
33%
ESPAÑAFUERTEVENTURA
33%
MARRUECOSMARRAKECH
32%
EEUUMIAMI
32%
SERBIABELGRADO
30%
MEXICOCIUDAD DE MEXICO
30%
REINO UNIDOBIRMINGHAM
27%
ESPAÑALA PALMA
27%
ITALIAPALERMO
27%
SUIZAGINEBRA
26%
ECUADORQUITO
26%
BRASILRIO DE JANEIRO
26%
ARGENTINACORDOBA
25%
CUBALA HABANA
25%
ESPAÑAPAMPLONA
25%
ESPAÑABADAJOZ
23%
VENEZUELACARACAS
23%
MARRUECOSFEZ
23%
MARRUECOSTANGER
23%
ITALIABOLONIA
22%
EEUUBOSTON
22%
FRANCIANIZA
22%
EEUUCHICAGO
21%
POLONIACRACOVIA
21%
URUGUAYMONTEVIDEO
21%
ITALIAPISA
21%
BRASILSAO PAULO
21%
FRANCIATOULOUSE
21%
LIBANOBEIRUT
19%
EEUUDALLAS
19%
REPUBLICA DOMINICANASANTO DOMINGO
19%
BULGARIASOFIA
19%
ISRAELTEL AVIV
19%
MARRUECOSAGADIR
18%
ITALIABARI
18%
COLOMBIAMEDELLÍN
18%
PANAMAPANAMA
18%
EEUUATLANTA
16%
ESPAÑACASTELLÓN
16%
QATARDOHA
16%
PERULIMA
16%
COSTA RICASAN JOSE
16%
CANADATORONTO
16%
CROACIADUBROVNIK
15%
ESPAÑAMELILLA
15%
FRANCIANANTES
15%
EEUUSAN FRANCISCO
15%
BOLIVIASANTA CRUZ
15%
TUNEZTUNEZ
15%
SUIZABASILEA
14%
CHINABEIJIN
14%
LUXEMBURGOLUXEMBURGO
14%
CANADAMONTREAL
14%
COLOMBIACALI
12%
ECUADORGUAYAQUIL
12%
LETONIARIGA
12%
ALEMANIADUSSELDORF
11%
MEXICOCANCUN
10%
COLOMBIACARTAGENA
10%
ITALIACATANIA
10%
FRANCIAESTRASBURGO
10%
PORTUGALFARO
10%
GUATEMALAGUATEMALA
10%
CHINAHONG KONG
10%
PUERTO RICOSAN JUAN
10%
ALBANIATIRANA
10%
SENEGALDAKAR
8%
KUWAITKUWAIT
8%
ESPAÑALOGROÑO
8%
EGIPTOLUXOR
8%
MARRUECOSTETUAN
8%
MEXICOGUADALAJARA
7%
PORTUGALMADEIRA
7%
COREA DEL SURSEUL
7%
REINO UNIDOBRISTOL
5%
MALTAMALTA
5%
ITALIAALGHERO
4%
ITALIACAGLIARI
4%
EEUUCHARLOTTE
4%
REPUBLICA DOMINICANAPUNTA CANA
4%
RUMANIACLUJ -NAPOCA
3%
HOLANDAEINDHOVEN
3%
MARRUECOSESSAOUIRA
3%
RUMANIAIASI
3%
LITUANIAKAUNAS
3%
RUMANIATIMISOARA
3%
ITALIABRINDISI
1%
CHINACHONGQING
1%
MARRUECOSNADOR
1%
EGIPTOASWAN
0%
HONDURASCOMAYAGUA
0%
RUMANIACRAIOVA
0%
DINAMARCADILLUND
0%
ARGELIAHASSI-MESSAOUD
0%
ARABIA SAUDITAJEDDAH
0%
ISLANDIAKEFLAVIK
0%
ANGOLALUANDA
0%
BRASILSALVADOR
0%
HONDURASSAN PEDRO SULA
0%

Distribución de puntuación

Porcentaje por número respondido

Porcentaje de gente con cada puntuación

Historial de tus puntuaciones

No has intentado esta prueba desde el último reinicio